000 01138cam a22002054a 4500
005 20250605163958.0
008 250528s ||||||||||||||||||||||||d
035 _a15550
020 _a132034646
040 _aGR-AtMCL
_bgre
_dGR-AtMCL
_eAACR2
245 1 _aData Communications and Distributed Networks / Third Edition
250 _a3rd
260 _bPrentice Hall,
_c1993
300 _a432
520 _aThis practical, detailed tutorial examines the relationships of data communications and distributed networks with special emphasis on distributed communications protocols, distributed data bases, and client-server relationships. Preface, Introduction, Overview of a Data Communications Network, Data Communications Systems Operations, Major Components in a Data Communications System, Software and Data Bases, Transmission Impairments, Data Link Controls/ Line Protocols, Digital Transmission, Distributed Network Architectures, Remote Procedure Calls, Local Area Networks, Managing Distributed Systems, Design Considerations, Index.
700 1 _aBlack Uyless D.
_91505
942 _cBK
999 _c1123
_d1123